[Event "Mumbai Mayors Cup 10th"]
[Site "Mumbai"]
[Date "2017.06.04"]
[Round "1"]
[White "Lama, Himal"]
[Black "Sai, Krishna GV"]
[Result "1/2-1/2"]
[WhiteElo "2073"]
[BlackElo "2339"]
[PlyCount "96"]
[EventDate "2017.06.04"]
[EventType "swiss"]
[EventRounds "10"]
[EventCountry "IND"]
[SourceTitle "CBM 178 Extra"]
[Source "ChessBase"]
[SourceDate "2017.06.22"]
[SourceVersion "1"]
[SourceVersionDate "2017.06.22"]
[SourceQuality "1"]

1. e4 e5 2. Nf3 Nc6 3. Nc3 Nf6 4. Bb5 Bb4 5. d3 d6 6. h3 0-0 7. Bg5 Nd4 8. Bc4 h6 9. Be3 d5 10. exd5 b5 11. Bb3 Nxd5 12. Bd2 Bxc3 13. bxc3 Nxf3+ 14. Qxf3 Bb7 15. Qg3 Qd6 16. Bxd5 Bxd5 17. 0-0 Rae8 18. d4 Re6 19. dxe5 Qc6 20. f3 Rfe8 21. Qf2 Rxe5 22. Qxa7 Re2 23. Rf2 Qg6 24. Raf1 Bxf3 25. Rxe2 Rxe2 26. Rf2 Qxc2 27. Rxe2 Bxe2 28. Qxc7 Kh7 29. Qf4 Bd3 30. a3 Be4 31. Qf2 f5 32. h4 Qb2 33. h5 Qa1+ 34. Qf1 Qxf1+ 35. Kxf1 Bd5 36. Kf2 Bf7 37. Ke3 Bxh5 38. Kf4 Bg4 39. g3 Kg6 40. c4 bxc4 41. a4 Bh3 42. a5 Bg2 43. a6 Kf6 44. Bc3+ Kg6 45. a7 h5 46. Bd2 Be4 47. Ke5 Ba8 48. Kf4 Kf6 1/2-1/2

[Event "Bhubaneswar op 10th"]
[Site "Bhubaneswar"]
[Date "2017.05.31"]
[Round "8"]
[White "Lama, Himal"]
[Black "Muthaiah, Al"]
[Result "0-1"]
[WhiteElo "2073"]
[BlackElo "2289"]
[PlyCount "106"]
[EventDate "2017.05.26"]
[EventType "swiss"]
[EventRounds "10"]
[EventCountry "IND"]
[SourceTitle "CBM 178 Extra"]
[Source "ChessBase"]
[SourceDate "2017.06.22"]
[SourceVersion "1"]
[SourceVersionDate "2017.06.22"]
[SourceQuality "1"]

1. e4 c6 2. Nf3 d5 3. Nc3 dxe4 4. Nxe4 Nf6 5. Nxf6+ exf6 6. d4 Bd6 7. Be2 0-0 8. 0-0 Re8 9. Nd2 Nd7 10. Bf3 Bc7 11. Re1 Rxe1+ 12. Qxe1 f5 13. Nc4 Nf6 14. c3 Be6 15. Ne5 Qe7 16. Nd3 Re8 17. Bg5 h6 18. Bxf6 Qxf6 19. Nc5 Bd7 20. Qd2 Bc8 21. Re1 Re7 22. Rxe7 Qxe7 23. Qe2 Kf8 24. Qxe7+ Kxe7 25. Kf1 g5 26. Be2 g4 27. g3 f4 28. Bc4 f5 29. Nd3 f3 30. Ke1 b5 31. Bb3 a5 32. Kd2 a4 33. Bc2 Kf6 34. Ke3 h5 35. Nb4 Bd7 36. b3 a3 37. Nd3 Be6 38. Bb1 Bd6 39. Ne1 h4 40. Nd3 Kg5 41. Ne5 c5 42. Bc2 cxd4+ 43. cxd4 hxg3 44. hxg3 Bd5 45. Bb1 Kf6 46. Nd7+ Ke7 47. Nb6 Be6 48. d5 Bc5+ 49. Kf4 Bf7 50. Nc8+ Kd8 51. Bxf5 Bxd5 52. Ke5 Bxb3 53. axb3 a2 0-1

[Event "Bhubaneswar op 10th"]
[Site "Bhubaneswar"]
[Date "2017.05.28"]
[Round "4"]
[White "Lama, Himal"]
[Black "Sai, Krishna GV"]
[Result "0-1"]
[WhiteElo "2073"]
[BlackElo "2339"]
[PlyCount "101"]
[EventDate "2017.05.26"]
[EventType "swiss"]
[EventRounds "10"]
[EventCountry "IND"]
[SourceTitle "CBM 178 Extra"]
[Source "ChessBase"]
[SourceDate "2017.06.22"]
[SourceVersion "1"]
[SourceVersionDate "2017.06.22"]
[SourceQuality "1"]

1. e4 e5 2. Nf3 Nc6 3. c4 f5 4. Nc3 Nf6 5. d3 Bb4 6. Bd2 0-0 7. Be2 d6 8. 0-0 Bxc3 9. Bxc3 fxe4 10. dxe4 Qe8 11. b4 Qg6 12. b5 Nxe4 13. Bb2 Ne7 14. Bd3 Bg4 15. Nh4 Qh5 16. f3 Nc5 17. g3 Bh3 18. Rf2 Rf7 19. Be2 Raf8 20. Qc2 g5 21. Ng2 Bxg2 22. Rxg2 Qh6 23. Qd2 Nf5 24. Rf2 g4 25. Qxh6 Nxh6 26. Bc1 Nf5 27. f4 h5 28. Bf1 h4 29. fxe5 hxg3 30. hxg3 Nxg3 31. Be3 Rxf2 32. Bxf2 Nge4 33. Bxc5 Nxc5 34. exd6 cxd6 35. Rd1 Rf6 36. Bg2 Kf7 37. Kh2 b6 38. Kg3 Rg6 39. Rd4 Ke6 40. Rf4 Rg7 41. a3 Ke5 42. Bd5 Nd3 43. Re4+ Kf5 44. Re6 Rh7 45. Rxd6 Rh3+ 46. Kg2 Nf4+ 47. Kf1 Rxa3 48. Rd8 g3 49. Rf8+ Ke5 50. Re8+ Kd6 51. Ke1 0-1

[Event "New Delhi Parsvnath op 13th"]
[Site "New Delhi"]
[Date "2015.01.12"]
[Round "5"]
[White "Dhar, Rajib"]
[Black "Lama, Himal"]
[Result "1-0"]
[WhiteElo "2151"]
[BlackElo "1937"]
[PlyCount "134"]
[EventDate "2015.01.09"]
[EventType "tourn"]
[EventRounds "10"]
[EventCountry "IND"]
[SourceTitle "CBM 164 Extra"]
[Source "ChessBase"]
[SourceDate "2015.03.02"]
[SourceVersion "1"]
[SourceVersionDate "2015.03.02"]
[SourceQuality "1"]

1. e4 c5 2. Nf3 Nc6 3. c3 e6 4. d4 d6 5. Bd3 Be7 6. 0-0 Nf6 7. Qe2 e5 8. d5 Nb8 9. Ne1 Bg4 10. f3 Bh5 11. Nd2 Nbd7 12. a4 a6 13. a5 h6 14. b4 0-0 15. Nc4 Qc7 16. Be3 Rfe8 17. Qf2 Rac8 18. bxc5 Nxc5 19. Nb6 Nxd3 20. Nxd3 Rb8 21. c4 Nd7 22. Nxd7 Qxd7 23. Bb6 f5 24. c5 fxe4 25. fxe4 Rf8 26. Qb2 Qg4 27. Bc7 Qxe4 28. cxd6 Bg5 29. Bxb8 Rxb8 30. Nb4 Be3+ 31. Kh1 Bd4 32. Qb1 Qxb1 33. Raxb1 Rd8 34. Nc2 Rxd6 35. Nxd4 exd4 36. Rf4 Rxd5 37. g4 Bg6 38. Rb4 d3 39. Rfd4 Rxa5 40. Kg2 Ra2+ 41. Kg3 b5 42. Rd6 Bf7 43. Rxd3 Bc4 44. Rd4 Rc2 45. Rd8+ Kh7 46. Ra8 Rc3+ 47. Kf4 Ra3 48. Rc8 Be2 49. Re4 Rf3+ 50. Ke5 Bd3 51. Rd4 Be2 52. Rc7 Rf6 53. Rdd7 Rg6 54. h3 Bf1 55. Rc3 a5 56. Ra7 a4 57. Rf3 Bc4 58. Rf4 Re6+ 59. Kd4 Rd6+ 60. Kc5 Rd3 61. h4 Rd5+ 62. Kb4 Rd8 63. Re4 Rd6 64. Ra8 Rf6 65. Rd4 Kg6 66. Ra7 Rf7 67. Rd6+ Kh7 1-0